| 000 -LEADER |
| fixed length control field |
00461nam a2200145 4500 |
| 008 - FIXED-LENGTH DATA ELEMENTS--GENERAL INFORMATION |
| fixed length control field |
190315b ||||| |||| 00| 0 eng d |
| 100 ## - MAIN ENTRY--PERSONAL NAME |
| Personal name |
Sharma, Dinesh Chander |
| 245 ## - TITLE STATEMENT |
| Title |
An analysis of University Grants Commission: |
| Remainder of title |
open and distance learning regulations-2017 |
| 260 ## - PUBLICATION, DISTRIBUTION, ETC. (IMPRINT) |
| Date of publication, distribution, etc |
2018 |
| 300 ## - PHYSICAL DESCRIPTION |
| Extent |
p.13-16. |
| 650 ## - SUBJECT ADDED ENTRY--TOPICAL TERM |
| Topical term or geographic name as entry element |
Distance education - Regulation |
| 9 (RLIN) |
3433 |
| 773 ## - HOST ITEM ENTRY |
| Main entry heading |
University News |
| 906 ## - LOCAL DATA ELEMENT F, LDF (RLIN) |
| Subject DIP |
Open education - Regulation |
| 942 ## - ADDED ENTRY ELEMENTS (KOHA) |
| Source of classification or shelving scheme |
|
| Item type |
Articles |